000 00316nam a22001217a 4500
008 220208b ||||| |||| 00| 0 eng d
050 _a370
_b1
100 _aCBSE
245 _aTeachers Resource (for Achieving Learning Outcomes - Classes 1 to10)
260 _aNew Delhi
_bCBSE
300 _a1060.P
942 _2ddc
_cBK
999 _c11967
_d11967